Pizza Trivia - Statistics

General Stats
  • This quiz has been taken 65 times
  • The average score is 6 of 15
Answer Stats
Hint Answer % Correct
What is the most popular pizza topping in the United States? Pepperoni
95%
What type of pizza cheese accounts for nearly 80% of cheese production in the United States? Mozzarella
84%
In what country was pizza first made? Italy
71%
What American city is deep-dish pizza most commonly associated with? Chicago
68%
What is the second most popular pizza topping in the United States? Sausage
57%
What is the name of the type of pizza that is folded over to form a half-moon shape? Calzone
50%
What is America’s least favorite pizza topping? Anchovies
48%
Which country was Hawaiin pizza invented? Canada
38%
Which NFL quarterback owned 31 Papa John’s franchises before retiring from football? Peyton Manning
32%
What is the most popular day of the year to order pizza in the United States? Super Bowl Sunday
29%
When is national pizza day? February 9th
9%
Which American city is the annual pizza expo held at? Las Vegas
7%
In which American city is the pizza museum located? Philadelphia
7%
What is the technical term for the outer edge of a pizza’s crust? Cornicione
5%
What pizza-making technique has its very own professional-level sporting competition? Dough-spinning
5%
No matching quizzes found
Score Distribution
Percent of People with Each Score
Percentile by Number Answered
Your Score History
You have not taken this quiz